Tizennyolc éves házadómentességet Szegednek [indítvány a pénzügyminiszterhez] : rövid hír
Elmentve itt :
| Dokumentumtípus: | Cikk |
|---|---|
| Megjelent: |
1915-11-30
|
| Sorozat: | Délmagyarország
4 No. 286 |
| Kulcsszavak: | Hell István, Koczor János, Tóth Mihály, Doránky Károly, Turóczy Mihály, Sajtos Samu, Házadó Szeged 1915, Szeged |
| Online Access: | http://dmarchiv.bibl.u-szeged.hu/59323 |
| LEADER | 00579nab a2200145 i 4500 | ||
|---|---|---|---|
| 001 | delm59323 | ||
| 005 | 20180927144631.0 | ||
| 008 | 180927s1915 hu o 0|| hun d | ||
| 040 | |a SZTE Délmagyarország Archívum |b hun | ||
| 041 | |a hun | ||
| 245 | 0 | 0 | |a Tizennyolc éves házadómentességet Szegednek |h [elektronikus dokumentum] : |b [indítvány a pénzügyminiszterhez] : rövid hír |
| 260 | |c 1915-11-30 | ||
| 300 | |a 5 | ||
| 490 | 0 | |a Délmagyarország |v 4 No. 286 | |
| 695 | |a Hell István, Koczor János, Tóth Mihály, Doránky Károly, Turóczy Mihály, Sajtos Samu, Házadó Szeged 1915, Szeged | ||